<?xml version="1.0" encoding="UTF-8"?>
<collection xmlns="http://www.loc.gov/MARC21/slim">
<record>
  <controlfield tag="001">163034</controlfield>
  <controlfield tag="005">20251009133840.0</controlfield>
  <datafield tag="024" ind1="7" ind2=" ">
    <subfield code="2">doi</subfield>
    <subfield code="a">10.1016/j.molstruc.2025.142198</subfield>
  </datafield>
  <datafield tag="024" ind1="8" ind2=" ">
    <subfield code="2">sideral</subfield>
    <subfield code="a">143772</subfield>
  </datafield>
  <datafield tag="037" ind1=" " ind2=" ">
    <subfield code="a">ART-2025-143772</subfield>
  </datafield>
  <datafield tag="041" ind1=" " ind2=" ">
    <subfield code="a">eng</subfield>
  </datafield>
  <datafield tag="100" ind1=" " ind2=" ">
    <subfield code="a">Smolko, Richard</subfield>
  </datafield>
  <datafield tag="245" ind1=" " ind2=" ">
    <subfield code="a">Pentacoordinate Ni(II) complex: Synthesis, crystal structure and magnetism</subfield>
  </datafield>
  <datafield tag="260" ind1=" " ind2=" ">
    <subfield code="c">2025</subfield>
  </datafield>
  <datafield tag="506" ind1="0" ind2=" ">
    <subfield code="a">Access copy available to the general public</subfield>
    <subfield code="f">Unrestricted</subfield>
  </datafield>
  <datafield tag="520" ind1="3" ind2=" ">
    <subfield code="a">Ni(II) complex [Ni(na-dmdpa)] (H2(na-dmdpa) = 1,1′-((1E,1′E)-(((methylazanediyl)bis(propane-3,1iyl))bis(azaneylylidene))bis(methaneylylidene))bis
(naphthalen-2-ol) has been synthesized using Schiff-base type pentadentate ligand formed by condensation of 2-hydroxynaphthaldehyde with 3,3ˈ-diamino-N-methyldipropylamine. The crystal structure is built up of complex molecules [Ni(na-dmdpa)]. The Ni(II) centre exhibits pentacoordination and its coordination sphere is formed by deprotonated Schiff base acting as doubly chelating pentadentate dianionic ligand. Calculated τ value for complex [Ni(na-dmdpa)] indicates that the coordination polyhedron is an intermediate between trigonal bipyramid and square pyramid. Complex is stable at RT. From the magnetic study follows that the axial zero-field splitting parameter is significantly negative (D/hc = –51 cm-1) and the value of rhombicity is moderate (E/hc = 2.4 cm-1). Theoretical calculations support the magnetic experimental result. The out-of-phase component of the AC susceptibility is silent.</subfield>
  </datafield>
  <datafield tag="540" ind1=" " ind2=" ">
    <subfield code="9">info:eu-repo/semantics/embargoedAccess</subfield>
    <subfield code="a">by-nc-nd</subfield>
    <subfield code="u">https://creativecommons.org/licenses/by-nc-nd/4.0/deed.es</subfield>
  </datafield>
  <datafield tag="655" ind1=" " ind2="4">
    <subfield code="a">info:eu-repo/semantics/article</subfield>
    <subfield code="v">info:eu-repo/semantics/acceptedVersion</subfield>
  </datafield>
  <datafield tag="700" ind1=" " ind2=" ">
    <subfield code="a">Falvello, Larry R.</subfield>
    <subfield code="u">Universidad de Zaragoza</subfield>
    <subfield code="0">(orcid)0000-0002-0444-996X</subfield>
  </datafield>
  <datafield tag="700" ind1=" " ind2=" ">
    <subfield code="a">Ara, Irene</subfield>
    <subfield code="u">Universidad de Zaragoza</subfield>
    <subfield code="0">(orcid)0000-0002-5881-9698</subfield>
  </datafield>
  <datafield tag="700" ind1=" " ind2=" ">
    <subfield code="a">Titiš, Ján</subfield>
  </datafield>
  <datafield tag="700" ind1=" " ind2=" ">
    <subfield code="a">Boca, Roman</subfield>
  </datafield>
  <datafield tag="700" ind1=" " ind2=" ">
    <subfield code="a">Cernák, Juraj</subfield>
  </datafield>
  <datafield tag="710" ind1="2" ind2=" ">
    <subfield code="1">2010</subfield>
    <subfield code="2">760</subfield>
    <subfield code="a">Universidad de Zaragoza</subfield>
    <subfield code="b">Dpto. Química Inorgánica</subfield>
    <subfield code="c">Área Química Inorgánica</subfield>
  </datafield>
  <datafield tag="773" ind1=" " ind2=" ">
    <subfield code="g">1337 (2025), 142198</subfield>
    <subfield code="p">J. mol. struct.</subfield>
    <subfield code="t">JOURNAL OF MOLECULAR STRUCTURE</subfield>
    <subfield code="x">0022-2860</subfield>
  </datafield>
  <datafield tag="856" ind1="4" ind2=" ">
    <subfield code="s">2064384</subfield>
    <subfield code="u">http://zaguan.unizar.es/record/163034/files/texto_completo.pdf</subfield>
    <subfield code="y">Postprint</subfield>
    <subfield code="z">info:eu-repo/date/embargoEnd/2027-08-15</subfield>
  </datafield>
  <datafield tag="856" ind1="4" ind2=" ">
    <subfield code="s">1430292</subfield>
    <subfield code="u">http://zaguan.unizar.es/record/163034/files/texto_completo.jpg?subformat=icon</subfield>
    <subfield code="x">icon</subfield>
    <subfield code="y">Postprint</subfield>
    <subfield code="z">info:eu-repo/date/embargoEnd/2027-08-15</subfield>
  </datafield>
  <datafield tag="909" ind1="C" ind2="O">
    <subfield code="o">oai:zaguan.unizar.es:163034</subfield>
    <subfield code="p">articulos</subfield>
    <subfield code="p">driver</subfield>
  </datafield>
  <datafield tag="951" ind1=" " ind2=" ">
    <subfield code="a">2025-10-09-13:25:51</subfield>
  </datafield>
  <datafield tag="980" ind1=" " ind2=" ">
    <subfield code="a">ARTICLE</subfield>
  </datafield>
</record>
</collection>